| 000 | 00000nam 2200000za 4500 |
| 001 | 9.845090 |
| 003 | CaOODSP |
| 005 | 20221107152904 |
| 007 | cr ||||||||||| |
| 008 | 171004s2017 onc |o||||f|0| 0|fre d |
| 040 | |aCaOODSP|bfre |
| 041 | |afre|aeng |
| 043 | |an-cn--- |
| 086 | 1 |aXB421-60/1-PDF |
| 110 | 1 |aCanada. |bParlement. |bChambre des communes. |
| 245 | 13|aAn Act to correct certain anomalies, inconsistencies and errors and to deal with other matters of a non-controversial and uncomplicated nature in the Statutes of Canada and to repeal certain Acts and provisions that have expired, lapsed or otherwise ceased to have effect |h[ressource électronique] = |bLoi visant à corriger des anomalies, contradictions ou erreurs relevées dans les Lois du Canada et à y apporter d’autres modifications mineures et non controversables ainsi qu’à abroger certaines lois et dispositions ayant cessé d’avoir effet. |
| 246 | 11|aLoi visant à corriger des anomalies, contradictions ou erreurs relevées dans les Lois du Canada et à y apporter d’autres modifications mineures et non controversables ainsi qu’à abroger certaines lois et dispositions ayant cessé d’avoir effet |
| 246 | 1 |iTitre abrégé : |aLoi corrective de 2017 |
| 260 | |a[Ottawa] : |bChambre des communes, |c2017. |
| 300 | |aiii, 26 p. |
| 490 | 1 |aProjet de loi C- ... ; |vProjet de loi C-60, 1re session, 42e législature |
| 500 | |a« Première lecture le 3 octobre 2017. » |
| 546 | |aTexte en français et en anglais. |
| 692 | 07|2gccst|aLégislation |
| 791 | |tAn Act to correct certain anomalies, inconsistencies and errors and to deal with other matters of a non-controversial and uncomplicated nature in the Statutes of Canada and to repeal certain Acts and provisions that have expired, lapsed or otherwise ceased to have effect |eeng|w(CaOODSP)9.845088 |
| 830 | #0|aProjet de loi C-...|vProjet de loi C-60, 1re session, 42e législature|w(CaOODSP)9.500660 |
| 856 | 40|qPDF|s540 Ko|uhttps://publications.gc.ca/collections/collection_2017/parl/XB421-60-1.pdf |